• 首页
  • 本馆介绍
  • 公告通知
  • 最新文献
  • 馆藏检索
  • 电子资源
  • 读者导购
  • 参考咨询
  • 我的图书馆
  • 登录
  • 详细信息显示
  • 放入我的书架
  • 预约/预借图书
  • 作者相关作品
  • 分类相关作品
  • 丛书相关作品
  • 出版社相关作品

书目信息

  • 表格格式
  • 工作单格式
  • 卡片格式
题名:
文化九溪
    
 
作者: 尹跃明 , 童婧 主编
分册:  
出版信息: 长沙   湖南人民出版社  2015.3
页数: 248页
开本: 26cm
丛书名:
单 册:
中图分类: G249.276.44
科图分类:
主题词: 农村--Nong Cun--群众文化--研究--桃源县 , 群众文化--Qun Zhong Wen Hua , 研究--Yan Jiu , 桃源县--Tao Yuan Xian
电子资源:
ISBN: 978-7-5561-0181-8
000 00985nam0 22002771 450
001 350690
005 20161012081609.03
010    @a978-7-5561-0181-8@dCNY60.00
100    @a20141023d2015 em y0chiy50 ea
101 0  @achi
102    @aCN@b430000
105    @aa z 000yy
106    @ar
200 1  @a文化九溪@AWen Hua Jiu Xi@f尹跃明,童婧主编
210    @a长沙@c湖南人民出版社@d2015.3
215    @a248页@c彩图,彩照@d26cm
330    @a本书除了介绍九溪的文化渊源,还收集编录了部分社科专家深入九溪调研后撰写的文章,对“九溪文化现象”有全方位、多角度、深层次的总结、探讨和思考,对扎实推进农村基层文化建设、做好群众文化工作大有裨益。
606 0  @a农村@ANong Cun@x群众文化@x研究@y桃源县
606 0  @a群众文化@AQun Zhong Wen Hua
606 0  @a研究@AYan Jiu
606 0  @a桃源县@ATao Yuan Xian
690    @aG249.276.44@v5
701  0 @a尹跃明@AYin Yue Ming@4主编
701  0 @a童婧@ATong Jing@4主编
801  0 @aCN@bTANGWEI@c20160808
905    @b0891295-9@dG249.276.44@e32@f5
    
    文化九溪/尹跃明,童婧主编.-长沙:湖南人民出版社,2015.3
    248页:彩图,彩照;26cm
    
    
    ISBN 978-7-5561-0181-8:CNY60.00
    本书除了介绍九溪的文化渊源,还收集编录了部分社科专家深入九溪调研后撰写的文章,对“九溪文化现象”有全方位、多角度、深层次的总结、探讨和思考,对扎实推进农村基层文化建设、做好群众文化工作大有裨益。
●
相关链接 在E读中查询图书 在五车中查询图书 在当当中查询图书 在豆瓣中查询图书


正题名:文化九溪     索取号:G249.276.44/32         预约/预借

序号 登录号 条形码 馆藏地/架位号 状态 备注
1 0891295   208912952   第一样本阅览室/ [索取号:G249.276.44/32] 在馆    
2 0891296   208912961   第四借阅区/ [索取号:G249.276.44/32] 在馆    
3 0891297   208912970   第四借阅区/ [索取号:G249.276.44/32] 在馆    
4 0891298   208912989   第四借阅区/ [索取号:G249.276.44/32] 在馆    
5 0891299   208912998   第四借阅区/ [索取号:G249.276.44/32] 在馆    
唐山师范学院图书馆 欢迎您!
大连网信软件有限公司© 版权所有